Adat & protokol istana

Bibliographic Details
Main Author: Raihan Ahmad
Format: Book
Published: Selangor : Sejati Books , 2005
Series:Siri warisan kesultanan
Subjects:

MARC

LEADER 00000cam a2200000 7i4500
001 0000006585
005 20151222.0
008 070817
020 |a 9831541545(set) 
020 |a 9831541596 
090 0 0 |a CUS   |b MAL 
100 0 |a Raihan Ahmad 
245 1 0 |a Adat & protokol istana   |c Raihan Ahmad 
260 |a Selangor :   |b Sejati Books ,   |c 2005 
440 |a Siri warisan kesultanan 
500 |a Children ages 10-12 years old (pink) 
650 0 |a Malaysia   |x Kings and rules   |x Social life and customs   |x Juvenile Literature 
999 |a 0000915281   |b Book   |c Teenagers   |e Cawangan Bandar Tenggara 
999 |a 0000915286   |b Book   |c Teenagers   |e Cawangan Bandar Tenggara 
999 |a 0000984979   |b Book   |c Children Collection   |e Cawangan Tangkak 
999 |a 0000984980   |b Book   |c Children Collection   |e Cawangan Kota Tinggi 
999 |a 0000984981   |b Book   |c Children Collection   |e Cawangan Tangkak 
999 |a 0000984982   |b Book   |c Children Collection   |e Perbadanan Perpustakaan Awam Johor 
999 |a 0000984983   |b Book   |c Children Collection   |e Perbadanan Perpustakaan Awam Johor